Zheng He yu Dong nan Ya Yisilan

Bibliographic Details
Main Author: Chen, Dasheng
Format: Book
Published: Beijing : Hai yang chu ban she , 2008
Subjects:

MARC

LEADER 00000cam a2200000 7i4500
001 0000031955
005 20120425.0
008 120425
020 |a 7502771256 
090 0 0 |a 951.06   |b CHE 
100 1 |a Chen, Dasheng 
245 1 0 |a Zheng He yu Dong nan Ya Yisilan   |c Chen Dasheng zhu 
260 |a Beijing :   |b Hai yang chu ban she ,   |c 2008 
650 0 |a China   |x History   |x Ming Dynasty, 1368-1644 
650 0 |a Explorers   |z China 
650 0 |a Islam   |z China 
650 0 |a Islam   |z Southeast Asia 
650 0 |a Southeast Asia   |x Civilization 
999 |a 0001143197   |b Book   |c Chinese Collection   |e Perbadanan Perpustakaan Awam Johor